LEADER 05423nam 22009495 450 001 996211263403316 005 20200707032021.0 010 $a3-319-14364-6 024 7 $a10.1007/978-3-319-14364-4 035 $a(CKB)3710000000325050 035 $a(SSID)ssj0001408174 035 $a(PQKBManifestationID)11901240 035 $a(PQKBTitleCode)TC0001408174 035 $a(PQKBWorkID)11346328 035 $a(PQKB)10643183 035 $a(DE-He213)978-3-319-14364-4 035 $a(MiAaPQ)EBC6301813 035 $a(MiAaPQ)EBC5587440 035 $a(Au-PeEL)EBL5587440 035 $a(OCoLC)902738693 035 $a(PPN)183152557 035 $a(EXLCZ)993710000000325050 100 $a20141202d2014 u| 0 101 0 $aeng 135 $aurnn#008mamaa 181 $ctxt 182 $cc 183 $acr 200 10$aAdvances in Visual Computing$b[electronic resource] $e10th International Symposium, ISVC 2014, Las Vegas, NV, USA, December 8-10, 2014, Proceedings, Part II /$fedited by George Bebis, Richard Boyle, Bahram Parvin, Darko Koracin, Ryan McMahan, Jason Jerald, Hui Zhang, Steven Drucker, Kambhamettu Chandra, El Choubassi Maha, Zhigang Deng, Mark Carlson 205 $a1st ed. 2014. 210 1$aCham :$cSpringer International Publishing :$cImprint: Springer,$d2014. 215 $a1 online resource (XL, 952 p. 483 illus.) 225 1 $aImage Processing, Computer Vision, Pattern Recognition, and Graphics ;$v8888 300 $aBibliographic Level Mode of Issuance: Monograph 311 $a3-319-14363-8 327 $aComputational Bioimaging -- Recognition -- 3D Computer Vision -- Face Processing and Recognition -- Virtual Reality. 330 $aThe two volume set LNCS 8887 and 8888 constitutes the refereed proceedings of the 10th International Symposium on Visual Computing, ISVC 2014, held in Las Vegas, NV, USA. The 74 revised full papers and 55 poster papers presented together with 39 special track papers were carefully reviewed and selected from more than 280 submissions. The papers are organized in topical sections: Part I (LNCS 8887) comprises computational bioimaging, computer graphics; motion, tracking, feature extraction and matching, segmentation, visualization, mapping, modeling and surface reconstruction, unmanned autonomous systems, medical imaging, tracking for human activity monitoring, intelligent transportation systems, visual perception and robotic systems. Part II (LNCS 8888) comprises topics such as computational bioimaging , recognition, computer vision, applications, face processing and recognition, virtual reality, and the poster sessions. 410 0$aImage Processing, Computer Vision, Pattern Recognition, and Graphics ;$v8888 606 $aPattern recognition 606 $aComputer graphics 606 $aOptical data processing 606 $aUser interfaces (Computer systems) 606 $aApplication software 606 $aBioinformatics 606 $aPattern Recognition$3https://scigraph.springernature.com/ontologies/product-market-codes/I2203X 606 $aComputer Graphics$3https://scigraph.springernature.com/ontologies/product-market-codes/I22013 606 $aImage Processing and Computer Vision$3https://scigraph.springernature.com/ontologies/product-market-codes/I22021 606 $aUser Interfaces and Human Computer Interaction$3https://scigraph.springernature.com/ontologies/product-market-codes/I18067 606 $aInformation Systems Applications (incl. Internet)$3https://scigraph.springernature.com/ontologies/product-market-codes/I18040 606 $aComputational Biology/Bioinformatics$3https://scigraph.springernature.com/ontologies/product-market-codes/I23050 615 0$aPattern recognition. 615 0$aComputer graphics. 615 0$aOptical data processing. 615 0$aUser interfaces (Computer systems). 615 0$aApplication software. 615 0$aBioinformatics. 615 14$aPattern Recognition. 615 24$aComputer Graphics. 615 24$aImage Processing and Computer Vision. 615 24$aUser Interfaces and Human Computer Interaction. 615 24$aInformation Systems Applications (incl. Internet). 615 24$aComputational Biology/Bioinformatics. 676 $a004 702 $aBebis$b George$4edt$4http://id.loc.gov/vocabulary/relators/edt 702 $aBoyle$b Richard$4edt$4http://id.loc.gov/vocabulary/relators/edt 702 $aParvin$b Bahram$4edt$4http://id.loc.gov/vocabulary/relators/edt 702 $aKoracin$b Darko$4edt$4http://id.loc.gov/vocabulary/relators/edt 702 $aMcMahan$b Ryan$4edt$4http://id.loc.gov/vocabulary/relators/edt 702 $aJerald$b Jason$4edt$4http://id.loc.gov/vocabulary/relators/edt 702 $aZhang$b Hui$4edt$4http://id.loc.gov/vocabulary/relators/edt 702 $aDrucker$b Steven$4edt$4http://id.loc.gov/vocabulary/relators/edt 702 $aChandra$b Kambhamettu$4edt$4http://id.loc.gov/vocabulary/relators/edt 702 $aMaha$b El Choubassi$4edt$4http://id.loc.gov/vocabulary/relators/edt 702 $aDeng$b Zhigang$4edt$4http://id.loc.gov/vocabulary/relators/edt 702 $aCarlson$b Mark$4edt$4http://id.loc.gov/vocabulary/relators/edt 801 0$bMiAaPQ 801 1$bMiAaPQ 801 2$bMiAaPQ 906 $aBOOK 912 $a996211263403316 996 $aAdvances in Visual Computing$9772261 997 $aUNISA LEADER 04836nam 2200649 a 450 001 9910784955603321 005 20230725023636.0 010 $a0-309-15239-9 010 $a1-282-55443-3 010 $a9786612554438 010 $a0-309-14839-1 035 $a(CKB)2670000000029900 035 $a(EBL)3378603 035 $a(SSID)ssj0000430268 035 $a(PQKBManifestationID)11305628 035 $a(PQKBTitleCode)TC0000430268 035 $a(PQKBWorkID)10453150 035 $a(PQKB)11735583 035 $a(MiAaPQ)EBC3378603 035 $a(Au-PeEL)EBL3378603 035 $a(CaPaEBR)ebr10379897 035 $a(CaONFJC)MIL255443 035 $a(OCoLC)923281543 035 $a(EXLCZ)992670000000029900 100 $a20100517d2010 uy 0 101 0 $aeng 135 $aurcn||||||||| 181 $ctxt 182 $cc 183 $acr 200 00$aUnderstanding climate's influence on human evolution$b[electronic resource] /$fCommittee on the Earth System Context for Hominin Evolution ; Board on Earth Sciences and Resources ; Division on Earth and Life Studies. ; National Research Council of the National Academies 210 $aWashington, D.C. $cNational Academies Press$d2010 215 $a1 online resource (129 p.) 300 $aDescription based upon print version of record. 311 $a0-309-14838-3 320 $aIncludes bibliographical references. 327 $a""Front Matter""; ""Preface""; ""Acknowledgments""; ""Contents""; ""Summary""; ""1 Introduction""; ""2 Existing Understanding of the Environmental Context for Hominin Evolution""; ""3 The Research Vision Priority Research Themes""; ""4 Implementing an International Scientific Program for Climate and Human Evolution Research""; ""5 Conclusions and Recommendations""; ""References""; ""Appendixes""; ""Appendix A: Committee and Staff Biographies""; ""Appendix B: Presentations to the Committee""; ""Appendix C: Acronyms and Abbreviations"" 330 $a"The hominin fossil record documents a history of critical evolutionary events that have ultimately shaped and defined what it means to be human, including the origins of bipedalism; the emergence of our genus Homo; the first use of stone tools; increases in brain size; and the emergence of Homo sapiens, tools, and culture. The Earth's geological record suggests that some evolutionary events were coincident with substantial changes in African and Eurasian climate, raising the possibility that critical junctures in human evolution and behavioral development may have been affected by the environmental characteristics of the areas where hominins evolved. Understanding Climate's Change on Human Evolution explores the opportunities of using scientific research to improve our understanding of how climate may have helped shape our species. Improved climate records for specific regions will be required before it is possible to evaluate how critical resources for hominins, especially water and vegetation, would have been distributed on the landscape during key intervals of hominin history. Existing records contain substantial temporal gaps. The book's initiatives are presented in two major research themes: first, determining the impacts of climate change and climate variability on human evolution and dispersal; and second, integrating climate modeling, environmental records, and biotic responses. Understanding Climate's Change on Human Evolution suggests a new scientific program for international climate and human evolution studies that involve an exploration initiative to locate new fossil sites and to broaden the geographic and temporal sampling of the fossil and archeological record; a comprehensive and integrative scientific drilling program in lakes, lake bed outcrops, and ocean basins surrounding the regions where hominins evolved and a major investment in climate modeling experiments for key time intervals and regions that are critical to understanding human evolution."--Publisher's description. 606 $aClimatic changes$xEnvironmental aspects 606 $aHuman beings$xClimatic factors 606 $aHuman beings$xEffect of environment on 606 $aHuman evolution$xEnvironmental aspects 606 $aHuman ecology 615 0$aClimatic changes$xEnvironmental aspects. 615 0$aHuman beings$xClimatic factors. 615 0$aHuman beings$xEffect of environment on. 615 0$aHuman evolution$xEnvironmental aspects. 615 0$aHuman ecology. 676 $a599.95 712 02$aNational Research Council (U.S.).$bCommittee on the Earth System Context for Hominin Evolution. 801 0$bMiAaPQ 801 1$bMiAaPQ 801 2$bMiAaPQ 906 $aBOOK 912 $a9910784955603321 996 $aUnderstanding climate's influence on human evolution$93765227 997 $aUNINA